Fifa World Cup Teams by Group - Statistics

General Stats
  • This quiz has been taken 24 times
    7 since last reset
  • The average score is 25 of 32
Answer Stats
Group and Position Country % Correct
C1 Argentina
100%
G1 Brazil
100%
F2 Canada
100%
B1 England
100%
B3 United States
100%
F1 Belgium
86%
F4 Croatia
86%
D1 France
86%
E3 Germany
86%
E4 Japan
86%
H4 Korea Republic
86%
C3 Mexico
86%
H1 Portugal
86%
A1 Qatar
86%
C2 Saudi Arabia
86%
E1 Spain
86%
H3 Uruguay
86%
G4 Cameroon
71%
E2 Costa Rica
71%
D3 Denmark
71%
A2 Ecuador
71%
H2 Ghana
71%
B2 Iran
71%
F3 Morocco
71%
A4 Netherlands
71%
A3 Senegal
71%
B4 Wales
71%
D2 Australia
57%
C4 Poland
57%
G2 Serbia
57%
D4 Tunisia
57%
G3 Switzerland
43%
No matching quizzes found
Score Distribution
Percent of People with Each Score
Percentile by Number Answered
Your Score History
You have not taken this quiz since the last reset